Poésies de Schiller / (Record no. 164912)

MARC details
000 -LEADER
campo de control de longitud fija 00762nam a22002055i 4500
001 - NÚMERO DE CONTROL
campo de control 164912
003 - IDENTIFICADOR DE NÚMERO DE CONTROL
campo de control ES-MaACL
005 - FECHA Y HORA DE LA ÚLTIMA TRANSACCIÓN
campo de control 20250716010458.0
008 - DATOS DE LONGITUD FIJA--INFORMACIÓN GENERAL
campo de control de longitud fija 050812s1862 fr | |||||||| ||fre d
040 ## - FUENTE DE CATALOGACIÓN
Centro catalogador/agencia de origen CAM
Lengua de catalogación spa
Centro/agencia transcriptor CAM
100 1# - ENTRADA PRINCIPAL--NOMBRE DE PERSONA
Nombre de persona Schiller, Friedrich,
Fechas asociadas al nombre 1759-1805
9 (RLIN) 104361
245 10 - MENCIÓN DEL TÍTULO
Título Poésies de Schiller /
Mención de responsabilidad, etc. traduction nouvelle par X. Marmier, précédée d'une introduction par le traducteur.
250 ## - MENCION DE EDICION
Mención de edición Nouvelle éd.
260 ## - PUBLICACIÓN, DISTRIBUCIÓN, ETC.
Lugar de publicación, distribución, etc. Paris :
Nombre del editor, distribuidor, etc. Charpentier, libraire-éditeur,
Fecha de publicación, distribución, etc. 1862 (
Fabricante Imp. Simon Raçon et Comp.)
300 ## - DESCRIPCIÓN FÍSICA
Extensión 288 p. ;
Dimensiones 18 cm.
700 1# - ENTRADA AGREGADA--NOMBRE PERSONAL
Nombre de persona Marmier, Xavier,
Fechas asociadas al nombre 1809-1892
9 (RLIN) 129516
852 ## - LOCALIZACIÓN
Ubicación ES-MaACL
Número de control de estantería D-3204
Nota libre -- Enc. tela
-- -- Legado de Modesto de La Fuente
Holdings
Estatus retirado Estado de pérdida Estado de daño No para préstamo Colección Biblioteca de origen Biblioteca actual Ubicación en estantería Fecha de adquisición Fuente de adquisición Total de préstamos Signatura topográfica completa Código de barras Visto por última vez Precio de reemplazo Tipo de ítem Koha
        Libros del s. XIX Biblioteca del Ateneo de Madrid Biblioteca del Ateneo de Madrid Sala Valle Inclán 17/01/2008     D-3204 901172877 23/02/2023 23/02/2023 Libro impreso antiguo